Counties of Alberta by City - Statistics

General Stats
  • This quiz has been taken 5 times
  • The average score is 19 of 63
Answer Stats
Hint Answer % Correct
Bashaw Camrose County
75%
Beaumont Leduc County
75%
Acadia Valley Acadia No. 34
50%
Boyle Athabasca County
50%
Bentley Lacombe County
50%
Slave Lake MD of Lesser Slave River No. 124
50%
Pincher Creek MD of Pincher Creek No. 9
50%
Spruce Grove Parkland County
50%
Bowden Red Deer County
50%
Airdrie Rocky View County
50%
St. Albert Sturgeon County
50%
Tofield Beaver County
25%
High Prairie Big Lakes County
25%
Eaglesham Birch Hills County
25%
Drayton Valley Brazeau County
25%
Magrath Cardston County
25%
Hines Creek Clear Hills County
25%
Rocky Mountain House Clearwater County
25%
Barrhead County of Barrhead
25%
Bow Island County of Forty Mile No. 8
25%
Sexsmith County of Grande Prairie No. 1
25%
Vegreville County of Minburn No. 27
25%
Brooks County of Newell
25%
Manning County of Northern Lights
25%
Castor County of Paintearth No. 18
25%
Big Valley County of Stettler No. 6
25%
Elk Point County of St. Paul No. 19
25%
Myrnam County of Two Hills No. 21
25%
Lloydminster County of Vermilion River
25%
Milk River County of Warner No. 5
25%
Millet County of Wetaskiwin No. 10
25%
Medicine Hat Cypress County
25%
Daysland Flagstaff County
25%
Okotoks Foothills County
25%
Three Hills Kneehill County
25%
Mayerthorpe Lac Ste. Anne County
25%
Bruderheim Lamont County
25%
Coaldale Lethbridge County
25%
Canmore MD of Bighorn No. 8
25%
Cold Lake MD of Bonnyville No. 87
25%
Fairview MD of Fairview No. 136
25%
Fox Creek MD of Greenview No. 16
25%
Chipewyan MD of Opportunity No. 17
25%
Grimshaw MD of Peace No. 135
25%
Amisk MD of Provost No. 52
25%
Chain Lakes MD of Ranchland No. 66
25%
Father MD of Smoky River No. 130
25%
Spirit River MD of Spirit River No. 133
25%
Vauxhall MD of Taber
25%
Chauvin MD of Wainwright No. 61
25%
Claresholm MD of Willow Creek No. 26
25%
Carstairs Mountain View County
25%
Nampa Northern Sunrise County
25%
Rimbley Ponoka County
25%
Woking Saddle Hills County
25%
Vilna Smoky Lake County
25%
Delia Starland County
25%
Egremont Thorhild County
25%
Champion Vulcan County
25%
Clyde Westlock County
25%
Strathmore Wheatland County
25%
Whitecourt Woodlands County
25%
Edson Yellowhead County
25%
No matching quizzes found
Score Distribution
Percent of People with Each Score
Percentile by Number Answered
Your Score History
You have not taken this quiz